01650nam a22003137a 4500003000400000005001700004008004100021040004600062050002900108100003800137245022400175260006700399300004500466500007800511504005600589546002000645650005900665650006000724650006100784650006700845650006900912700003600981700004001017700003501057700004501092942004101137999001501178952014301193OSt20260122205047.0260122b ||||| |||| 00| 0 eng d bEnglish.cCvSU-CCAT Campus Library.erda. aUM HF 5429.215bB45 2023 aBelanio, Erika C., author.918231 aA comparative study of customer satisfaction level towards customer service quality of SM Supermarket and Robinson Supermarket in selected municipalities of Cavite /cErika C. Belanio, Kaye C. Endaya, Gabriel G. Navarro aRosario, Cavite :bCavite State University-CCAT Campus,c2023. axiv, 91 leaves :billustrations ;c28 cm aUndergraduate Thesis (BSBM) -- Cavite State University-CCAT Campus, 2023. aIncludes bibliographical references and appendices. aIn English text aCustomer satisfaction -- Philippines -- Cavite.917622 aSupermarkets -- Customer service -- Philippines.918232 aSM Supermarket (Philippines) -- Customer service.918233 aRobinson Supermarket (Philippines) -- Customer service.918234 aRetail trade -- Service quality -- Philippines -- Cavite.918235 aEndaya, Kaye C., author.918236 aNavarro, Gabriel G., author.918237 aAbad, Juvie B., adviser.96672 aAmbas, Arman M., technical critic.96668 2lcccT/M/DhHF 5429.215 B45 2023kUM c4616d4616 00102lcc40708UMaCCATLIBbCCATLIBcTHd2025-09-24fUMl0oUM HF 5429.215 B45 2023pT0005469r2026-01-22 00:00:00t1w2026-01-22yT/M/D